000 00289nam a22001337a 4500
008 180208b xxu||||| |||| 00| 0 eng d
020 _a9781582551685
041 _aeng
080 _22 ED
_a616
100 _a9
101 _aPAT
245 _aPATHOPHYSIOLOGY
_cSCOOTT.P
942 _2udc
_cBK
999 _c42121
_d42121